000 00801nam a2200265Ia 4500
003 OSt
005 20220924122440.0
006 a|||||r|||| 00| 0
007 ta
008 220923b |||||||| |||| 00| 0 hin d
020 _a9780739122761 (hbk)
020 _c3813.13
024 _a246229
037 _b121, 18/03/2011, Sunrise Books
_cTextual
040 _aARTS
_cARTS
_bhin
041 _2hin
_ahin
082 _aR6,11, Q0
100 _aChakrabarti Kisor Kumar
245 0 _aClassical Indian philosophy of induction
_b The nyaya viewpoint
260 _aLanham
_bLexington Publishing
_c2010
300 _axiii, 310p.
_ccm.
650 _aPHILOSOPHY
942 _hR6,11, Q0
_cTEXL
_2CC
999 _c411690
_d411690